000 00613cam a2200145 4500500
005 20251228082903.0
041 _afre
042 _adc
100 1 0 _aVigneron, Sylvain
_eauthor
245 0 0 _aSophie de Laverny, Les domestiques commensaux du roi de France au XVIIe siècle, Paris, Presses de l’Université de Paris-Sorbonne, coll. « Roland Mousnier », 2002, 557 p.
260 _c2005.
500 _a39
786 0 _nDix-septième siècle | 227 | 2 | 2005-06-01 | p. 355j-376j | 0012-4273
856 4 1 _uhttps://shs.cairn.info/revue-dix-septieme-siecle-2005-2-page-355j?lang=fr&redirect-ssocas=7080
999 _c1600000
_d1600000